Ramadhan the great teacher

Guardat en:
Dades bibliogràfiques
Autor principal: OLAGOKE, S. A.
Format: Llibre
Idioma:anglès
Publicat: SAO Publishers , 2015
Etiquetes: Afegir etiqueta
Sense etiquetes, Sigues el primer a etiquetar aquest registre!

MARC

LEADER 00000nam a22000007a 4500
008 201214b ||||| |||| 00| 0 eng d
020 |a 978-978-937-497-7 
100 |a OLAGOKE, S. A.  
245 |a Ramadhan the great teacher  |c S. A. Olagoke  |g vii, 222p.; ill. 
260 |b SAO Publishers  |c , 2015  |h Ibadan  |i 691029  |i 691030  |l BP186.4 .Ol1  |m Fasts and feasts – Islam 
500 |a It includes bibliographical references and index 
942 |a lcc  |c BK  |e Kuteyi, M. A  |f  14/12/2020 
952 |0 0  |1 0  |2 lcc  |4 0  |6 BP01864 O L1  |7 0  |9 474  |a HOL  |b ART  |c AF  |d 2020-12-14  |l 0  |o BP186.4 .Ol1  |p 2020-2203  |r 2020-12-14 00:00:00  |w 2020-12-14  |y BK 
952 |0 0  |1 0  |2 lcc  |4 0  |6 BP01864 O L1  |7 0  |9 475  |a HOL  |b HOL  |c AF  |d 2020-12-14  |l 0  |o BP186.4 .Ol1  |p 2020-2204  |r 2020-12-14 00:00:00  |w 2020-12-14  |y BK 
999 |c 242  |d 242